000 00664nam a2200193 i 4500
001 145889
003 ES-MaACL
005 20240425144421.0
007 t|
008 071017s1951 sp ||||1| spa d
100 1 _aVega, Francisco de la.
_9113545
245 1 0 _aMomentos líricos
_b: poesías... /
_cFrancisco de la Vega ; prólogo de Bernardino de Pantorba ; epílogo de Luis Astrana Marín.
260 _aMadrid :
_b[s.n.],
_c1951 (
_fE. Sánchez Leal)
300 _a158 p. ;
_c18 cm.
700 1 _aPantorba, Bernardino de,
_d1896-1990
_988829
700 1 _aAstrana Marín, Luis.
_923693
852 _aES-MaACL
_jD-7913
_bR.31330
999 _c145889
_d145889